| 000 | 00301nam a2200133 i 4500 | ||
|---|---|---|---|
| 001 | bg | ||
| 100 | 1 | _aWALIŁKO, Roman | |
| 245 | 0 |
_aJak zbudować altanę / _cR. Waliłko. |
|
| 260 |
_aWarszawa, _c[1988]. |
||
| 040 | _cBPK | ||
| 041 | _apol | ||
| 942 | _cKS | ||
| 008 | s pl f |000 0 pol | ||
| 999 |
_c3610 _d3610 |
||
| 856 |
_uhttp://koha.tu.koszalin.pl/cgi-bin/koha/opac-detail.pl?biblionumber=3610 _yKatalog online BPK |
||